| 000 | 01096nam a22002777a 4500 | ||
|---|---|---|---|
| 005 | 20141102123958.0 | ||
| 008 | 100301s2009 xxka frf f001 0 eng d | ||
| 020 | _a9780199211043 | ||
| 040 | _aEG-ScBUE | ||
| 082 | 0 | 0 |
_222 _a610.73 _bOXF |
| 245 |
_aOxford handbook of clinical Skills in adult nursing/ _c[Edited by] Jacqueline Randle, Frank Coffey and Martyn Bradbury |
||
| 260 |
_aOxford, United Kingdom ; _aNew York, United States : _bOxford University Press, _c2009 _e([Beijing] : _fAcid-Free Paper) |
||
| 300 |
_axiv, 679 p. : _bill. ; _c19 cm. |
||
| 490 | 1 | _aOxford Medical Publications | |
| 500 | _aIndex : p. 673-679. | ||
| 650 | 0 |
_912117 _aNursing _vHandbooks, manuals, etc. |
|
| 650 | 0 |
_912071 _aClinical medicine _vHandbooks, manuals, etc. |
|
| 650 | 0 |
_912072 _aNursing Care _vHandbooks |
|
| 653 |
_bNNUR _cNovember2014 |
||
| 655 |
_vreading book _934232 |
||
| 700 | 1 |
_912073 _aRandle, Jacqueline _eeditor. |
|
| 700 | 1 |
_912074 _aCoffey, Frank _eeditor. |
|
| 700 | 1 |
_912075 _aBradbury, Martyn _eeditor. |
|
| 830 | 0 |
_aOxford medical publications _921270 |
|
| 942 |
_2ddc _cNRB _k610.73 OXF |
||
| 999 |
_c13548 _d13548 |
||